| 000 | 01070nam a22002415a 4500 | ||
|---|---|---|---|
| 003 | OSt | ||
| 005 | 20161208151315.0 | ||
| 008 | 161208s2010 ua frb 000 0 ara d | ||
| 040 |
_aEG-ScBUE _bara _cEG-ScBUE |
||
| 082 | 0 | 4 |
_a346.07 _bب ر ي _222 |
| 100 | 1 | _aبريري، محمود مختار أحمد. | |
| 245 | 1 | 0 |
_aقانون المعاملات التجارية / _cمحمود مختار أحمد بريري. |
| 260 |
_aالقاهرة : _bدار النهضة العربية، _c2010. |
||
| 300 |
_aمج. 1 (220 ص.) ؛ _c24 سم. |
||
| 504 | _aيشتمل على إرجاعات ببليوجرافية. | ||
| 505 | 2 | _aمج. 1. القسم الثالث. الأموال التجارية : (حقوق الملكية الصناعية - المحل التجاري) | |
| 650 | 7 |
_aالقانون التجاري. _2BUEsh _941150 |
|
| 650 | 7 |
_aالملكية الصناعية _xقوانين وتشريعات. _2BUEsh |
|
| 650 | 7 |
_aالعلامات التجارية _xقوانين وتشريعات. _2BUEsh |
|
| 651 | _2BUEsh | ||
| 653 |
_bLLAAWW _cDecember2016 |
||
| 942 | _2ddc | ||
| 999 |
_c23540 _d23512 |
||